| 000 | 01215nam a22003497a 4500 | ||
|---|---|---|---|
| 003 | CHAP | ||
| 005 | 20220329133943.0 | ||
| 008 | 971013s1992 r 00010 d | ||
| 010 | _a13186 | ||
| 011 | _a14158 | ||
| 035 | _a18231 | ||
| 040 | _cCHAP | ||
| 090 | _aTesis | ||
| 100 | 0 | 0 |
_aMartínez Arroyo, Felipe de Jesús. _971821 |
| 245 | _aRegeneración in vitro de cuatro genotipos de frijol (Phaseolus vulgaris L.) a partir de brotes apicales | ||
| 260 |
_aMarín, N. L. : _bEl autor, _c1992 |
||
| 300 | _a75 h. | ||
| 502 | _aTesis (Ing. Agr. Fitotecnista) -- Universidad Autónoma de Nuevo León. Fac. de Agronomía | ||
| 590 |
_aALEPH _b10 _c20130110 _lUCH01 _h1232 |
||
| 590 |
_aBATCH-UPD _b10 _c20130110 _lUCH01 _h0152 |
||
| 590 |
_aBATCH-UPD _b10 _c20130110 _lUCH01 _h2033 |
||
| 590 |
_aBATCH-UPD _b10 _c20130409 _lUCH01 _h2152 |
||
| 590 |
_aBATCH-UPD _b10 _c20130410 _lUCH01 _h1349 |
||
| 590 |
_aBATCH-UPD _b10 _c20130914 _lUCH01 _h1115 |
||
| 590 |
_aCONVERSION _b10 _c20130109 _lUCH01 _h1309 |
||
| 650 | 1 | 4 |
_aCultivo de tejidos. _930213 |
| 650 | 1 | 4 |
_aFrijol _xPlántulas. _943417 |
| 650 | 1 | 4 |
_aFrijol _xPropagación. _943422 |
| 901 | _aBK | ||
| 942 | _cTESIS | ||
| 949 |
_bBC _cTES _d-42597 _eTS1 _h30234 _i18231 _si |
||
| 999 |
_c13186 _d13186 |
||